000 00835cam a22002893a 4500
001 25664
003 PGUSA
005 20140828083542.0
008 080601s2008||||xxu|||||s|||||000 | eng d
040 _aPGUSA
_beng
042 _adc
050 4 _aQA
245 1 4 _aThe Earliest Arithmetics in English
_h[electronic resource]
260 _bProject Gutenberg,
_c2008
506 _aPublic domain in the USA.
516 _aElectronic text
653 _aMathematics -- History
653 _aAlgorithms
653 _aArithmetic -- Early works to 1900
700 1 _aSteele, Robert,
_d1860-1944
700 1 _aSacro Bosco, Joannes de, active 1230
700 1 _aAlexander, de Villa Dei
700 1 _aRecord, Robert,
_d-1558
830 0 _aProject Gutenberg
_v25664
856 4 0 _uhttp://www.gutenberg.org/ebooks/25664
942 _cEB
999 _c254919
_d254919